Geografía general

Guardat en:
Dades bibliogràfiques
Autors principals: Aguilera Arilla, María José (Autor), Borderías Uribeondo, María Pilar (Autor), González Yanci, María Pilar (Autor), Santos Preciado, José Miguel (Autor)
Format: Llibre
Idioma:espanyol
Publicat: Madrid Universidad Nacional de Educación a Distancia 2001
Col·lecció:Guía Didáctica. Historia
Matèries:
Etiquetes: Afegir etiqueta
Sense etiquetes, Sigues el primer a etiquetar aquest registre!

MARC

LEADER 00000nam a2200000 a 4500
001 UCM5411
003 CL-VaPUC
008 021011e20010900SP |||||||||||||||||spa|d
082 0 4 |a 910.02  |b AGU  |2 21 
100 0 |a Aguilera Arilla, María José  |e author  |9 471613 
700 0 |a Borderías Uribeondo, María Pilar  |e author  |9 471614 
700 |a González Yanci, María Pilar  |e author  |9 574091 
700 0 |a Santos Preciado, José Miguel  |e author  |9 471616 
245 1 0 |a Geografía general 
300 |a 66 p 
942 |c BK 
945 |d 20021011 00:00:00  |a vberengu 
260 |a Madrid  |b Universidad Nacional de Educación a Distancia  |c 2001 
650 0 |a Geografía física   |9 259347 
650 0 |a Enseñanza de la geografía  |9 310005 
650 0 |a Geografía humana  |9 267193 
583 |a last modification  |c 20021011 00:00:00  |k Rodrigo Vera 
490 0 |a Guía Didáctica. Historia 
999 |c 301477  |d 301475 
952 |0 0  |1 0  |4 0  |6 910_020000000000000_AGU_2001  |7 0  |8 A  |9 360477  |a BIBHIS  |b BIBHIS  |d 2019-11-21  |i 3844579  |o 910.02 AGU 2001  |p 3844579  |r 2025-01-20  |w 2019-11-21  |y BK  |k HIS